000
00305nam a22001337a 4500
008
170508b xxu||||| |||| 00| 0 eng d
020
_a
2901587786715
041
_a
eng
080
_a
342
100
_a
15
101
_a
SHJ
245
_a
FOUNDATIONS OF ADMINISTRATIVE LAW
_c
SCHUCK, P.H
942
_2
udc
_c
BK
999
_c
12872
_d
12872